000 00739nam a2200205Ii 4500
003 JO-AjNU
008 230605s9999||||xx |||||||||||||| ||und||
020 _a9957-33-026-8
040 _aJO-AjNU
_bara
_erda
_cJO-AjNU
041 _aara
050 1 4 _aT57.A4438 2004
100 3 _aتأليف:العبيدي ، محمود ؛ مؤيد عبد الحسين الفضل,
_eauthor
_927733
245 0 0 _aبحوث العمليات وتطبيقاتها في ادارة الاعمال
264 3 1 _aعمان:دار الوراق للنشر ،2004
300 _a503ص
336 _atext
_btxt
_2rdacontent
337 _aunmediated
_bn
_2rdamedia
338 _avolume
_bnc
_2rdacarrier
650 4 _aالحواسيب-ادارة الاعمال
_927734
999 _aA10673
_c14241
_d14241